Personnage de manga aux cheveux blancs / argentés - Statistiques

Statistiques générales
  • Ce quiz a été pris 66 fois
  • Le résultat moyen est 7 sur 20
Answers on the Grid
Answers color-coded by a green-red scale on the quiz's grid according to % correct below.
Gabimaru
Ener
Silva Zoldyck
Rudo
Orochimaru
Okarun
Kimimaro
Tengen Izui
Frieren
Satoru Fujinuma
Yamamoto Genryūsai
Colonel Pixis
C.C.
Harribel Tia
Kinemon
Gin Ichimaru
Jiraya
Mei Mei (JJK)
Hisoka Morrow
Norman
Garp
Scar (FMAB)
Polnareff
Haki (Chainsaw Man)
Dekim
Bang
Dr Brieff
Ymir (Snk)
Kaguya
Griffith
Kise Ryota
Canut
Lisana
Général Ouki
Yamato
Johan Liebert
 
Statistiques - réponses
Réponse % Correct
Gabimaru
67%
Frieren
53%
Jiraya
53%
Silva Zoldyck
53%
Tengen Izui
50%
Griffith
47%
Garp
42%
Yamato
36%
Polnareff
33%
Mei Mei (JJK)
31%
Rudo
31%
Kimimaro
28%
Lisana
28%
Norman
28%
Gin Ichimaru
25%
Kaguya
25%
Bang
22%
Scar (FMAB)
19%
Dr Brieff
14%
Dekim
8%
Aucun quiz correspondant
Distribution des résultats
% des personnes avec chaque résultat
Percentile par nombre de réponses
Votre historique - résultats
Vous n’avez pas pris ce quiz